书目信息 |
| 题名: |
电机学
|
|
| 作者: | 吴大榕 编著 | |
| 分册: | 上册 | |
| 出版信息: | 北京 电力工业出版社 1979 |
|
| 页数: | 246页 | |
| 开本: | 26cm | |
| 丛书名: | ||
| 单 册: | ||
| 中图分类: | TM3 | |
| 科图分类: | ||
| 主题词: | 电机学--高等学校 , 电机 | |
| 电子资源: | ||
| ISBN: | ||
| 000 | 00617nam0 2200241 45 | |
| 001 | 0179005725 | |
| 005 | 20060718145722.44 | |
| 010 | @dCNY1.70 | |
| 091 | @a15143.3432 | |
| 100 | @a19950731d1979 em y0chiy0121 ea | |
| 101 | 0 | @achi |
| 102 | @aCN@b110000 | |
| 105 | @ay z 000yy | |
| 200 | 10 | @a电机学@Adian ji xue@h上册@f吴大榕编著@Fwu da rong bian zhu |
| 210 | @a北京@c电力工业出版社@d1979 | |
| 215 | @a246页@d26cm | |
| 300 | @a高等学校教学用书 | |
| 606 | @a电机学@x高等学校 | |
| 606 | 0 | @a电机 |
| 690 | @aTM3@v4 | |
| 701 | 0 | @a吴大榕@Awu da rong@4编著 |
| 801 | 0 | @aCN@bNLC@c20060718 |
| 905 | @dTM3@e16:1 | |
| 电机学.上册/吴大榕编著.-北京:电力工业出版社,1979 |
| 246页;26cm |
| 高等学校教学用书 |
| ISBN :CNY1.70 |
| ● |
| 相关链接 |
|
|
|
|
正题名:电机学
索取号:TM3/16:1
 
预约/预借
| 序号 | 登录号 | 条形码 | 馆藏地/架位号 | 状态 | 备注 |
| 1 | 0009825 | 202279499 | 密集书库/ [索取号:TM3/16:1] | 在馆 | |
| 2 | 0049907 | 001344389 | 第二样本阅览室/ [索取号:TM3/16:1] | 在馆 | |
| 3 | 0049908 | 000702074 | 密集书库/ [索取号:TM3/16:1] | 在馆 | |
| 4 | 0437331 | 204373310 | 密集书库/ [索取号:TM3/16:1] | 在馆 | |
| 5 | 0437332 | 204373329 | 密集书库/ [索取号:TM3/16:1] | 在馆 |